header

Oxford studies in metaphysics. (Record no. 141204)

MARC details
000 -LEADER
fixed length control field 01157nam a2200301Ia 4500
245 00 - TITLE STATEMENT
Title Oxford studies in metaphysics.
260 ## - PUBLICATION, DISTRIBUTION, ETC. (IMPRINT)
Place of publication Oxford :
Name of publisher Clarendon Press,
Year of publication c 2006.
300 ## - PHYSICAL DESCRIPTION
Number of Pages x, 400 p. :
Other physical details ill.
490 0# - SERIES STATEMENT
Series statement Oxford studies in metaphysics ;
650 #0 - SUBJECT ADDED ENTRY--TOPICAL TERM
Topical Term Metaphysics.
Topical Term Philosophy.
700 1# - ADDED ENTRY--PERSONAL NAME
Personal name Zimmerman, Dean W.
856 40 - ELECTRONIC LOCATION AND ACCESS
Uniform Resource Identifier http://site.ebrary.com/lib/rucke/Doc?id=10177925

No items available.

© 2026 Rongo University
Contact us: librarian | system librarian | Rongo university